000 00458nam a2200205Ia 4500
008 240509s9999 xx 000 0 und d
020 _a0008120327993
041 _aEng
082 _a658.8
082 _bK57
100 _aKOTLER, P. & KELLER, K.L.:
245 0 _aMARKETING MANAGEMENT
250 _a12th ed.
260 _bNEW DELHI : PRENTICE HALL
260 _c2006
300 _a729 p.
650 _aMarketing
942 _2ddc
942 _cLBK
999 _c21996
_d21996
945 _a1
_bMadushi Gamage
_c1
_dMadushi Gamage